• 首页
  • 本馆介绍
  • 公告通知
  • 最新文献
  • 馆藏检索
  • 电子资源
  • 读者导购
  • 参考咨询
  • 我的图书馆
  • 登录
  • 详细信息显示
  • 放入我的书架
  • 预约/预借图书
  • 作者相关作品
  • 分类相关作品
  • 丛书相关作品
  • 出版社相关作品

书目信息

  • 表格格式
  • 工作单格式
  • 卡片格式
题名:
临床营养学
    
 
作者: 孙秀发 主编
分册:  
出版信息: 北京   科学出版社  2009
页数: 297页
开本: 28cm
丛书名:
单 册:
中图分类: R459.3
科图分类:
主题词: 临床营养--营养学--医学院校--教材 , 临床营养
电子资源:
ISBN: 978-7-03-025150-3
000 01086nam0 2200277 45
001 1356811249
005 20130514173950.95
010    @a978-7-03-025150-3@dCNY49.80
100    @a20130108d2009 ekmy0chiy0120 ea
101 0  @achi
102    @aCN@b110000
105    @aa z 000yy
106    @ar
200 1  @a临床营养学@ALin Chuang Ying Yang Xue@f孙秀发主编@FSun Xiu Fa Zhu Bian
205    @a2版
210    @a北京@c科学出版社@d2009
215    @a297页@c图@d28cm@e附光盘1片
300    @a普通高等教育“十一五”国家级规划教材 全国高等医药院校教材 供临床、预防、基础、口腔、麻醉、影像、药学、检验、护理、法医等专业使用
307    @a附光盘:ISBN 978-7-900254-25-2
330    @a本书分上、中、下三篇。分别介绍了营养素的相关基础与应用;病人的各种膳食和治疗中的相关营养支持,以及诊断和试验用的有关特殊膳食;膳食、营养与常见多发相关疾病的发生、发展、预防、治疗和康复的关系等。
606 0  @a临床营养@x营养学@x医学院校@j教材
606 0  @a临床营养
690    @aR459.3@v5
701  0 @a孙秀发@ASun Xiu Fa@4主编
801    @aCN@bTANGWEI@c20130108
905    @b0829796-800@dR459.3@e86=2@f5
    
    临床营养学/孙秀发主编.-2版.-北京:科学出版社,2009
    297页:图;28cm+附光盘1片
    普通高等教育“十一五”国家级规划教材 全国高等医药院校教材 供临床、预防、基础、口腔、麻醉、影像、药学、检验、护理、法医等专业使用
    
    ISBN 978-7-03-025150-3:CNY49.80
    本书分上、中、下三篇。分别介绍了营养素的相关基础与应用;病人的各种膳食和治疗中的相关营养支持,以及诊断和试验用的有关特殊膳食;膳食、营养与常见多发相关疾病的发生、发展、预防、治疗和康复的关系等。
●
相关链接 在E读中查询图书 在五车中查询图书 在当当中查询图书 在豆瓣中查询图书


正题名:临床营养学     索取号:R459.3/86=2         预约/预借

序号 登录号 条形码 馆藏地/架位号 状态 备注
1 0829796   208297966   第二样本阅览室/ [索取号:R459.3/86=2] 在馆    
2 0829797   208297975   第三借阅区/ [索取号:R459.3/86=2] 在馆    
3 0829798   208297984   第三借阅区/ [索取号:R459.3/86=2] 在馆    
4 0829799   208297993   教育系资料室/ [索取号:R459.3/86=2] 在馆    
5 0829800   208298000   教育系资料室/ [索取号:R459.3/86=2] 在馆    
唐山师范学院图书馆 欢迎您!
大连网信软件有限公司© 版权所有